[Event "MATCH FRANCE-ALLEMAGNE"]
[Site "?"]
[Date "2010.10.29"]
[Round "7.2"]
[White "Viennot, Dylan"]
[Black "Kvetny, Mark"]
[Result "1-0"]
[WhiteElo "2021"]
[BlackElo "1984"]
[Annotator "Triger,Franck"]
[PlyCount "57"]
[EventDate "2010.10.23"]
[SourceDate "2010.10.23"]

1. e4 c5 2. Nf3 d6 3. Bb5+ Nd7 4. O-O Ngf6 5. Re1 a6 6. Bxd7+ Bxd7 7. d4 cxd4
8. Nxd4 e5 9. Nf3 h6 10. Nc3 Be7 11. h3 O-O 12. Be3 Bc6 13. Qd3 b5 14. Bd2 b4
15. Nb1 Qb6 16. Nh4 Rfd8 17. Nf5 Bf8 18. Qf3 Nxe4 19. Rxe4 Bxe4 20. Qxe4 Rac8
21. Be3 Qc6 22. Qg4 Kh7 23. Nd2 Qxc2 {Diagramme #} 24. Bxh6 $3 g6 25. Ne4 Rc4
26. Nf6+ Kh8 27. Bxf8 Rxf8 28. Qg5 Qxf5 29. Qh6# 1-0

[Event "MATCH FRANCE-ALLEMAGNE"]
[Site "?"]
[Date "2010.10.29"]
[Round "7.3"]
[White "Wiesner, Paula"]
[Black "Bellaiche, Elise"]
[Result "1/2-1/2"]
[WhiteElo "1804"]
[BlackElo "1891"]
[PlyCount "88"]
[EventDate "2010.10.23"]
[SourceDate "2010.10.23"]

1. d4 d5 2. c4 dxc4 3. Nf3 a6 4. e3 b5 5. a4 Bb7 6. axb5 axb5 7. Rxa8 Bxa8 8.
b3 e6 9. bxc4 bxc4 10. Bxc4 Nf6 11. O-O Be7 12. Qe2 O-O 13. Nc3 Nbd7 14. Rd1
Nb6 15. Bd3 Nbd5 16. Nxd5 Qxd5 17. Bc4 Qh5 18. Ne5 Qxe2 19. Bxe2 Rb8 20. Bf3
Bxf3 21. Nxf3 Ne4 22. Bd2 Rb2 23. Be1 f6 24. Kf1 Kf7 25. Nd2 Nxd2+ 26. Rxd2 Rb1
27. Ke2 Bb4 28. Rd1 Rb2+ 29. Kf3 Bd6 30. h3 h5 31. Rd2 Rb1 32. Ke2 Bb4 33. Rd1
Rxd1 34. Kxd1 Bxe1 35. Kxe1 Ke7 36. Kd2 e5 37. Kd3 Kd6 38. Kc4 c6 39. g3 g5 40.
f3 exd4 41. exd4 f5 42. g4 hxg4 43. hxg4 f4 44. Kc3 Ke6 1/2-1/2

[Event "MATCH FRANCE-ALLEMAGNE"]
[Site "?"]
[Date "2010.10.30"]
[Round "8.4"]
[White "Gelas, Christophe"]
[Black "Berger, Nadja"]
[Result "1-0"]
[WhiteElo "2000"]
[BlackElo "1738"]
[PlyCount "47"]
[EventDate "2010.10.23"]
[SourceDate "2010.10.23"]

1. d4 d5 2. c4 e5 3. dxe5 d4 4. Nf3 Nc6 5. g3 Bf5 6. a3 Nge7 7. b3 Qd7 8. e3 d3
9. Nbd2 Ng6 10. Bb2 O-O-O 11. Bg2 Re8 12. Nd4 Ngxe5 13. Nxf5 Qxf5 14. O-O Kb8
15. Nf3 Rd8 16. Nd4 Qg6 17. f4 Ng4 18. Qf3 Bc5 19. b4 Bxd4 20. Bxd4 Qh5 21. h3
Nf6 22. g4 Qg6 23. b5 Na5 24. Bc3 1-0

[Event "MATCH FRANCE-ALLEMAGNE"]
[Site "?"]
[Date "2010.10.30"]
[Round "8.1"]
[White "Moehn, Hans"]
[Black "Viennot, Dylan"]
[Result "1/2-1/2"]
[WhiteElo "2013"]
[BlackElo "2024"]
[PlyCount "57"]
[EventDate "2010.10.23"]
[SourceDate "2010.10.23"]

1. e4 c5 2. Nf3 Nc6 3. d4 cxd4 4. Nxd4 e5 5. Nb5 d6 6. N1c3 a6 7. Na3 b5 8. Nd5
Nge7 9. c4 Nd4 10. Be3 Nxd5 11. cxd5 g6 12. Bd3 Bg7 13. O-O O-O 14. Nc2 Nxc2
15. Qxc2 Bd7 16. Rac1 Rc8 17. Qd2 f5 18. f3 f4 19. Bf2 Bf6 20. Rxc8 Qxc8 21.
Rc1 Qb7 22. Qb4 Be7 23. Rc3 Rc8 24. a4 Kf7 25. Kf1 a5 26. Qxa5 Rxc3 27. Qxc3
bxa4 28. Ke1 Bd8 29. Kd1 1/2-1/2

[Event "MATCH FRANCE-ALLEMAGNE"]
[Site "?"]
[Date "2010.10.30"]
[Round "8.2"]
[White "Bellaiche, Elise"]
[Black "Kvetny, Mark"]
[Result "1-0"]
[WhiteElo "1891"]
[BlackElo "1984"]
[PlyCount "97"]
[EventDate "2010.10.23"]
[SourceDate "2010.10.23"]

1. e4 c5 2. Nc3 d6 3. g3 Nc6 4. Bg2 g6 5. f4 Bg7 6. d3 e6 7. Nf3 Nge7 8. Be3
Nd4 9. O-O O-O 10. Rb1 Rb8 11. Ne2 Nxe2+ 12. Qxe2 Qa5 13. a3 b6 14. g4 f5 15.
gxf5 exf5 16. e5 d5 17. Qf2 Qa4 18. d4 c4 19. c3 Be6 20. Qh4 Qd7 21. Kh1 h6 22.
Rg1 Kf7 23. Qg3 Ke8 24. Nh4 Bf7 25. Bf3 Rg8 26. Rg2 b5 27. Rbg1 Rb6 28. Qf2 Kf8
29. Bd1 a5 30. Bd2 a4 31. Be1 Re6 32. Nf3 Qc6 33. Qd2 Ke8 34. Bh4 Kd7 35. Bxe7
Kxe7 36. Nh4 Ke8 37. Nxf5 gxf5 38. Rxg7 Rxg7 39. Rxg7 Rg6 40. Rxg6 Qxg6 41. Qg2
Qe6 42. Qg7 Kd8 43. Kg2 Ke8 44. Kf2 Kd8 45. Qf8+ Kd7 46. Qc5 Qa6 47. Bf3 Qb7
48. Qd6+ Ke8 49. e6 1-0

[Event "MATCH FRANCE-ALLEMAGNE"]
[Site "?"]
[Date "2010.10.30"]
[Round "8.3"]
[White "Wiesner, Paula"]
[Black "Rigolot, Lucie"]
[Result "0-1"]
[WhiteElo "1804"]
[BlackElo "1946"]
[Annotator "Triger,Franck"]
[PlyCount "160"]
[EventDate "2010.10.23"]
[SourceDate "2010.10.23"]

1. d4 d5 2. c4 e6 3. cxd5 exd5 4. Nc3 c6 5. Nf3 Bd6 6. Bg5 Qc7 7. Qc2 Ne7 8.
Bxe7 Qxe7 9. e3 Bg4 10. Bd3 Qf6 11. Nd2 Nd7 12. h3 Bh5 13. O-O Kf8 14. Rfc1 Bg6
15. Rab1 Bxd3 16. Qxd3 g5 17. e4 Qg6 18. Re1 h5 19. Qe2 Re8 20. Qd1 g4 21. exd5
Rxe1+ 22. Qxe1 gxh3 23. Qe4 Rg8 24. Qxg6 Rxg6 25. g3 h4 26. dxc6 bxc6 27. Kh2
hxg3+ 28. fxg3 Rxg3 29. Nce4 Rd3+ 30. Nxd6 Rxd2+ 31. Kxh3 Rxd4 32. Nf5 Rf4 33.
Rd1 Rxf5 34. Rxd7 a5 35. Rc7 Rb5 36. b3 Rc5 37. Kg4 Kg7 38. Kf4 Rc2 39. Ke5 Kg6
40. Kd4 f5 41. Kd3 Rc1 42. Ra7 Rc5 43. Kd4 Rd5+ 44. Ke3 Kg5 45. Ra6 f4+ 46. Ke4
Rf5 47. Kf3 Rc5 48. Ke4 Rc3 49. Rxa5+ Kg4 50. Ra8 Re3+ 51. Kd4 Kf3 52. Rc8 Re6
53. a4 Ke2 54. a5 f3 55. b4 Rf6 56. Rh8 f2 57. Rh2 Rf4+ 58. Kc5 Kd3 59. Rxf2
Rxf2 60. Kxc6 $2 (60. a6 Rb2 61. Kxc6 $11) 60... Kc4 61. a6 Rf6+ 62. Kb7 Kb5
63. a7 Rf7+ 64. Kb8 Kb6 65. a8=N+ Kc6 66. b5+ Kxb5 67. Nc7+ Kb6 (67... Kc6 $1)
68. Nd5+ (68. Ne6 Rd7 69. Kc8) 68... Kc6 69. Nb4+ Kc5 70. Nd3+ Kb6 71. Kc8 Rc7+
72. Kd8 Kc6 73. Ne5+ Kd6 74. Nd3 Rc3 75. Nf2 Rf3 76. Ne4+ Kc6 77. Ng5 Rf5 78.
Ne6 Kd6 79. Ng7 Rf8+ 80. Ne8+ Ke6 0-1